000 00933nam a2200289Ia 4500
003 OSt
005 20221007124022.0
006 a|||||r|||| 00| 0
007 ta
008 221006b |||||||| |||| 00| 0 eng d
020 _a9780123742599 (hbd)
024 _a83937
037 _b134, 16/03/2009, Aviva Books Company
_cTextbook
040 _aCDL
_cCDL
_beng
041 _2eng
_aeng
082 _aD65,8(B)94M, P8 Carc
100 _aSpiegel Colleen
_9718323
245 0 _aPEM fuel cell modeling and simulation using matlab
260 _aAmsterdam
_bElsevier
_c2008
300 _aviii, 443p.
_ccm.
650 _a Fuel cell electrochemistry
_9718324
650 _a Fuel cell thermodynamics
_9718325
650 _a Heat transfer
_9718326
650 _aChemistry
942 _hD65,8(B)94M, P8 Carc
_cTB
_2CC
999 _c1212803
_d1212803